| 000 | 00364nam a22001337a 4500 | ||
|---|---|---|---|
| 999 |
_c15575 _d15575 |
||
| 003 | OSt | ||
| 008 | 190516b ||||| |||| 00| 0 eng d | ||
| 020 | _a9789384337841 | ||
| 082 |
_a338.162 _bSIN/AG |
||
| 245 | _aAgricultural technology application : for enhancing productivity | ||
| 260 |
_aDelhi _bNarendra Publishing House _c2016 |
||
| 300 | _a449 p. | ||
| 942 | _cBK | ||